|
|
|
|
| LEADER |
00000nam0a2200000 4500 |
| 001 |
219135 |
| 005 |
20231101230234.0 |
| 010 |
|
|
|a 9785948363141
|
| 035 |
|
|
|a (RuTPU)RU\TPU\book\239173
|
| 090 |
|
|
|a 219135
|
| 100 |
|
|
|a 20120702d2012 k y0rusy50 ca
|
| 101 |
0 |
|
|a rus
|
| 102 |
|
|
|a RU
|
| 105 |
|
|
|a y z 001zy
|
| 200 |
1 |
|
|a Квантовый транспорт в устройствах электроники
|f В. К. Неволин
|
| 210 |
|
|
|a Москва
|c Техносфера
|d 2012
|
| 215 |
|
|
|a 88 с.
|
| 225 |
1 |
|
|a Мир электроники
|
| 320 |
|
|
|a Библиогр.: с. 85-87
|
| 330 |
|
|
|a Описываются квантовые свойства носителей тока, в том числе в устройствах электроники, в которых в большей мере доступно наблюдение квантовых явлений и в которых они могут быть существенными. Квантовый вклад в транспорт носителей тока рассматривается с помощью волн плотности вероятности. Такой подход позволяет как более детально объяснить прежние эксперименты, так и предсказать новые эффекты, ряд из которых имеют экспериментальное подтверждение, а именно: устройство для поглощения тепла на основе квантового обмена энергиями носителей тока между электродами, методика экспериментального определения энергий Ферми материалов электродов и др. Книга предназначена для студентов, изучающих квантовую механику, для аспирантов и молодых научных сотрудников, изучавших ранее квантовую механику и работающих в области нанотехнологий и наноэлектроники, стремящихся открыть новые эффекты и создать уникальные устройства.
|
| 606 |
1 |
|
|a Электронный транспорт
|2 stltpush
|3 (RuTPU)RU\TPU\subj\69432
|9 84283
|
| 610 |
1 |
|
|a квантовый транспорт
|
| 610 |
1 |
|
|a квантовые эффекты
|
| 610 |
1 |
|
|a электроны
|
| 610 |
1 |
|
|a электроника
|
| 610 |
1 |
|
|a туннелирование
|
| 610 |
1 |
|
|a тепловой эффект
|
| 610 |
1 |
|
|a квантовые частицы
|
| 610 |
1 |
|
|a квантовая механика
|
| 610 |
1 |
|
|a заряженные частицы
|
| 675 |
|
|
|a 537.311.322:530.145
|v 3
|
| 700 |
|
1 |
|a Неволин
|b В. К.
|g Владимир Кириллович
|
| 801 |
|
1 |
|a RU
|b 63413507
|c 20120702
|
| 801 |
|
2 |
|a RU
|b 63413507
|c 20150515
|g RCR
|
| 900 |
|
|
|a Электроника
|
| 942 |
|
|
|c BK
|
| 959 |
|
|
|a 98/20120702
|d 2
|e 275,00
|f ЧЗТЛ:1
|f АНЛ:1
|